جرائم التلوث من الناحيتين القانونية والفنية / (Record no. 67092)
[ view plain ]
| 000 -LEADER | |
|---|---|
| fixed length control field | 01429nam a2200301 4500 |
| 003 - CONTROL NUMBER IDENTIFIER | |
| control field | EG-GICUC |
| 005 - DATE AND TIME OF LATEST TRANSACTION | |
| control field | 20260407234259.0 |
| 008 - FIXED-LENGTH DATA ELEMENTS--GENERAL INFORMATION | |
| fixed length control field | 260328b1986 ua|||||f |||| 00| 0 ara d |
| 040 ## - CATALOGING SOURCE | |
| Original cataloging agency | EG-GICUC |
| Language of cataloging | ara |
| Transcribing agency | EG-GICUC |
| Modifying agency | EG-GICUC |
| Description conventions | rda |
| 082 04 - DEWEY DECIMAL CLASSIFICATION NUMBER | |
| Edition number | 21 |
| Classification number | 343.423 |
| 092 04 - LOCALLY ASSIGNED DEWEY CALL NUMBER (OCLC) | |
| Edition number | 21 |
| 099 ## - LOCAL FREE-TEXT CALL NUMBER (OCLC) | |
| Classification number | Law1 10 343.423 م ع . ج 1986 |
| 100 0# - MAIN ENTRY--PERSONAL NAME | |
| Personal name | معوض عبدالتواب |
| 245 10 - TITLE STATEMENT | |
| Title | جرائم التلوث من الناحيتين القانونية والفنية / |
| Statement of responsibility, etc. | معوض عبدالتواب، مصطفى معوض عبدالتواب. |
| 264 ## - PRODUCTION, PUBLICATION, DISTRIBUTION, MANUFACTURE, AND COPYRIGHT NOTICE | |
| Place of production, publication, distribution, manufacture | الإسكندرية: |
| Name of producer, publisher, distributor, manufacturer | منشأة المعارف; |
| Date of production, publication, distribution, manufacture, or copyright notice | 1986. |
| 300 ## - PHYSICAL DESCRIPTION | |
| Extent | 471 صفحة |
| Dimensions | 24 سم |
| 336 ## - CONTENT TYPE | |
| Source | rda content |
| Content type term | text |
| 337 ## - MEDIA TYPE | |
| Source | rda media |
| Media type term | Computer |
| 338 ## - CARRIER TYPE | |
| Source | rda carrier |
| Carrier type term | Online Resource |
| 500 ## - GENERAL NOTE | |
| General note | يشتمل على شرح لكافة قوانين التلوث وحماية البيئة - تلوث المياه - والبحار - تلوث الهواء - تلوث التربة - التلوث الذري مابيان المعايير الفنمية ووسائل الكشف عنه وأسباب امتناع المسئولية |
| 650 14 - SUBJECT ADDED ENTRY--TOPICAL TERM | |
| Topical term or geographic name entry element | التشريعات المتعلقة بالبيئة |
| Source of heading or term | qrmak |
| 650 14 - SUBJECT ADDED ENTRY--TOPICAL TERM | |
| Topical term or geographic name entry element | تلوث البيئة |
| 651 1# - SUBJECT ADDED ENTRY--GEOGRAPHIC NAME | |
| Source of heading or term | qrmak |
| 700 ## - ADDED ENTRY--PERSONAL NAME | |
| Personal name | مصطفى معوض عبدالتواب |
| Relator term | مؤلف مشارك. |
| 856 40 - ELECTRONIC LOCATION AND ACCESS | |
| Uniform Resource Identifier | <a href="https://fll.law.cu.edu.eg/fulltext/bks/B10-06590.pdf">https://fll.law.cu.edu.eg/fulltext/bks/B10-06590.pdf</a> |
| 905 ## - Cataloger and Reviser Names | |
| Cataloger Name: | Radwa |
| Revisor Name: | Yara |
| 942 ## - ADDED ENTRY ELEMENTS (KOHA) | |
| Source of classification or shelving scheme | Dewey Decimal Classification |
| Suppress in OPAC | No |
| Koha item type | Books |
| Edition | 21 |
| Withdrawn status | Lost status | Source of classification or shelving scheme | Damaged status | Not for loan | Collection | Home library | Current library | Date acquired | Total checkouts | Full call number | Barcode | Date last seen | Price effective from | Koha item type |
|---|---|---|---|---|---|---|---|---|---|---|---|---|---|---|
| Dewey Decimal Classification | Not for loan | القانون الجنائي | جــــامعة القــاهرة | مكتبة كلية الحقوق - المبنى الرئيسي | 28.03.2026 | Law1 10 343.423 م ع . ج 1986 1006590 C1 | B10-06590 | 28.03.2026 | 28.03.2026 | Books | ||||
| Dewey Decimal Classification | القانون الجنائي | جــــامعة القــاهرة | مكتبة كلية الحقوق - المبنى الرئيسي | 28.03.2026 | Law1 10 343.423 م ع . ج 1986 1006591 C2 | B10-06591 | 28.03.2026 | 28.03.2026 | Books | |||||
| Dewey Decimal Classification | القانون الجنائي | جــــامعة القــاهرة | مكتبة كلية الحقوق - فـرع الشيخ زايد | 28.03.2026 | Law2 10 343.423 م ع . ج 1986 1006593 C3 | B10-06593 | 28.03.2026 | 28.03.2026 | Books |